000 00276nam a2200121 a 4500
008 101022s1974|||| d
245 1 0 _aExpert zo SicĂ­lie
100 1 _aLewis, Norman
260 _bPravda
_aBratislava
_c1974
020 _c30
041 _aslo
044 _axo
_cSK
999 _c12042
_d12042